01663nam a2200349 a 4500001001200000003000800012006001900020007001500039008004100054010001700095020004200112020002700154040002100181035002100202043001200223050002200235082001600257245009100273260005700364300003300421440004600454504005100500505029600551533015200847650004900999650005301048655002901101700002301130710001701153856012601170999001701296ebr10657909CaPaEBRm u cr cn|||||||||121001s2013 enkab sb 001 0 eng d z 2012028581 z9781405198585 (hardback : alk. paper) z9781118303184 (e-book) aCaPaEBRcCaPaEBR a(OCoLC)828890727 ae-gr---14aJC73b.C64 2013eb04a320.43822302aA companion to ancient Greek governmenth[electronic resource] /cedited by Hans Beck. aChichester, West Sussex :bJohn Wiley & Sons,c2013. axviii, 590 p. :bill., maps. 0aBlackwell companions to the ancient world aIncludes bibliographical references and index.0 apt. I. Greek government in history -- pt. II. Ancient templates and typologies -- pt. III. To rule and be ruled : Greek governing bodies -- pt. IV. Process and procedure -- pt. V. Responsibilities and realms of action -- pt. VI. Space and memory -- pt. VII. Government beyond the city-state. aElectronic reproduction.bPalo Alto, Calif. :cebrary,d2013.nAvailable via World Wide Web.nAccess may be limited to ebrary affiliated libraries. 0aPolitical sciencezGreecexHistoryyTo 1500. 0aPolitical sciencexPhilosophyxHistoryyTo 1500. 7aElectronic books.2local1 aBeck, Hans,d1969-2 aebrary, Inc.40uhttp://site.ebrary.com/lib/rucke/Doc?id=10657909zAn electronic book accessible through the World Wide Web; click to view c64923d64923